000 00398nam a22001697a 4500
003 MPLRDC
005 20220104113812.0
008 210129b ||||| |||| 00| 0 eng d
082 _a857.7 JXT v.10
100 _a姬小苔
245 _a有情归梦
_c
250 _a初版
260 _a
_b万盛出版有限公司
_c1982
300 _b
650 _a长篇小说
942 _cBK
_o857.7 JXT v.10
999 _c2475
_d2465